000 00370nam a2200145Ia 4500
008 150201s2008 xx 000 0 und d
082 _a617.6342
_bE2008A
100 _aAJMANI, PUNEET
245 _aEDGE : CONS.DENTISTRY :MCQS
250 _a1ST
260 _bBHART MEDICAL PUABLICATION
_aDELHI
_c2008
300 _a1-125
650 _aGENERAL DENTISTRY
942 _2ddc
_cBK
999 _c4222
_d4222